| 000 | 00438nam a22001577a 4500 | ||
|---|---|---|---|
| 999 |
_c479998 _d479998 |
||
| 003 | ASAB | ||
| 005 | 20200307204929.0 | ||
| 008 | 160203t xxu||||| |||| 00| 0 eng d | ||
| 038 | _aAttaullah | ||
| 040 | _cASAB | ||
| 082 | _a0 | ||
| 100 |
_aZahra Mahmood-sup-Dr. Saadia Zahid _928834 |
||
| 245 | _aTh-mphil-The unfolded protein response and cellular toxicity: Implications in Neurodegeneration | ||
| 300 | _a54 p. | ||
| 942 |
_2ddc _cTHE |
||